| 000 | 00587nam a2200241Ia 4500 | ||
|---|---|---|---|
| 008 | 210210b2007 xxu||||| |||| 00| 0 eng d | ||
| 020 | _a9780521706117 | ||
| 041 | _aeng | ||
| 082 | _a420.02 HOPC | ||
| 100 | _aHOPKINS (Diana) | ||
| 245 | _aCambridge grammar for IELTS with answers | ||
| 260 |
_aCambridge _bCambridge University Press _c2007 |
||
| 300 | _axii, 258 | ||
| 650 | _awith | ||
| 650 | _aIELTS | ||
| 650 | _agrammar | ||
| 650 | _afor | ||
| 650 | _aCambridge | ||
| 650 | _aanswers | ||
| 690 | _aEnglish Grammar | ||
| 700 | _aCULLEN (Pauline) | ||
| 906 | _a068038 | ||
| 999 |
_c152143 _d152143 |
||